000 00438nam a2200157 i 4500
001 85471
003 ES-MaACL
005 20230906175241.0
007 t|
008 041128s1962 sp ||||1| spa d
100 1 _aJurado Morales, José.
_967327
245 1 0 _aSombras anilladas
_b: poesías /
_cJosé Jurado Morales.
260 _aBarcelona :
_bPeñiscola,
_c[1962]
300 _a72 p. ;
_c16 cm.
852 _aES-MaACL
_jC-21720
_bR.49939
999 _c85471
_d85471